000 00713nam a2200241 a 4500
008
020 _a0521496926 (cased)
049 _aMAIN
090 _aQA8.4
_bHIN
100 1 _aHintikka, Jaakko.
245 1 4 _aThe principles of mathematics revisited /
_cJaakko Hintikka.
260 _aCambridge :
_bCambridge University Press,
_c1996.
300 _axii, 288 p. ;
_c23 cm.
504 _aIncludes bibliographical references.
500 _aIncludes index.
650 0 _aMathematics
_xPhilosophy.
650 0 _aFirst-order logic.
907 _a.b10003137
_b28-08-12
_c17-04-03
003
005 20230123133112.0
040 _cNUST
942 _cBOOKS
_kQA8.4
_mHIN
999 _c142756
_d142756